=LDR 00000nam 2200000 4500 =001 INLIS000000000005231 =005 20130612093501 =008 ***********************************Ind** =035 ##$$0010-061300000005231 =041 ##$$a Ind =082 ##$$a 959.8 =090 ##$$a 959.8, Ham m =100 ##$$a HAMZURI =245 ##$$a Museum di Indonesia, Hamzuri =260 ##$$a 1996 $b Jakarta =300 ##$$a iv, 87 hlm, ilus, 21 cm =650 ##$$a Sejarah Kebudayaan =850 ##$$a NBPNMAT